[Event "LSS No Engine Cup 185 Preliminary 0"]
[Site "LSS email"]
[Date "2018.12.28"]
[Round "?"]
[White "Arango Marin, Sixto Gregorio"]
[Black "Salazar Moran, Alejandro Fortunato"]
[Result "1/2-1/2"]
[WhiteElo "1101"]
[BlackElo "1630"]
[PlyCount "124"]
[EventDate "2018.12.29"]
[EventType "tourn (corr)"]
[EventRounds "6"]
[EventCountry "GER"]
[SourceTitle "Corr 2022"]
[Source "ChessBase"]
[SourceDate "2021.10.24"]
[SourceVersion "1"]
[SourceVersionDate "2021.10.24"]
[SourceQuality "1"]

1. e4 e5 2. Nf3 Nf6 3. Nxe5 Nxe4 4. Qe2 Qe7 5. Nd3 d5 6. f3 Nd6 7. b3 Nc6 8. Qxe7+ Bxe7 9. Bb2 0-0 10. Be2 Bf5 11. Ne5 Bf6 12. d4 Bxc2 13. Nxc6 bxc6 14. Nd2 Rfe8 15. Kf2 Bg5 16. Nf1 Nf5 17. g3 Bf6 18. Rc1 Bxd4+ 19. Bxd4 Nxd4 20. Ne3 Bg6 21. Rhd1 Nxe2 22. Kxe2 Re6 23. Kf2 Rae8 24. Re1 d4 25. Ng2 d3 26. Rxe6 Rxe6 27. Nf4 Rd6 28. Nxg6 hxg6 29. Rd1 Kf8 30. Ke3 Re6+ 31. Kxd3 Rd6+ 32. Kc2 Rxd1 33. Kxd1 Ke7 34. Ke2 Kd6 35. f4 Kd5 36. Kd3 a5 37. g4 c5 38. a3 f5 39. gxf5 gxf5 40. h3 a4 41. bxa4 c4+ 42. Ke3 Kc5 43. h4 Kb6 44. Kd4 Ka5 45. Kxc4 Kxa4 46. Kc5 Kxa3 47. h5 Kb3 48. Kc6 Kc4 49. Kxc7 Kd5 50. Kd7 Ke4 51. Ke6 Kxf4 52. Kf7 Kg5 53. Kxg7 f4 54. h6 f3 55. h7 f2 56. h8Q f1Q 57. Qh6+ Kg4 58. Qg6+ Kh3 59. Qh5+ Kg2 60. Qg4+ Kf2 61. Qf4+ Ke2 62. Qxf1+ Kxf1 1/2-1/2

[Event "SN-2018-0-00950"]
[Site "LSS email"]
[Date "2018.11.20"]
[Round "?"]
[White "Arango Marin, Sixto Gregorio"]
[Black "Neuhausen, Rainer"]
[Result "0-1"]
[WhiteElo "779"]
[BlackElo "943"]
[PlyCount "148"]
[EventDate "2018.10.21"]
[EventType "tourn (corr)"]
[EventRounds "6"]
[EventCountry "GER"]
[SourceTitle "Corr 2022"]
[Source "ChessBase"]
[SourceDate "2021.10.24"]
[SourceVersion "1"]
[SourceVersionDate "2021.10.24"]
[SourceQuality "1"]

1. e4 e5 2. Nf3 Nc6 3. Bc4 Bc5 4. d3 Nf6 5. Ng5 0-0 6. a3 d6 7. Nc3 h6 8. Nf3 Bg4 9. h3 Bxf3 10. Qxf3 Nd4 11. Qd1 c6 12. Be3 Bb6 13. Bxd4 Bxd4 14. Qd2 d5 15. exd5 Bxc3 16. Qxc3 cxd5 17. Bb3 d4 18. Qd2 e4 19. 0-0 Qb6 20. dxe4 Nxe4 21. Qd3 Nf6 22. Rad1 Rad8 23. Rfe1 Nh7 24. Kf1 Nf6 25. a4 Qc5 26. f3 Qc7 27. Re2 Nh5 28. Qg6 Ng3+ 29. Kf2 Nxe2 30. Kxe2 Rde8+ 31. Kf1 Qe5 32. Qd3 Rd8 33. Qe4 Qxe4 34. fxe4 Kh7 35. Rd3 f5 36. e5 Rfe8 37. e6 Re7 38. Kf2 g5 39. g4 Kg6 40. Kf3 Kf6 41. Bc4 Rxe6 42. Bxe6 Kxe6 43. b3 Ke5 44. gxf5 Rc8 45. Rd2 Kxf5 46. Re2 Rc3+ 47. Kg2 d3 48. Rf2+ Ke4 49. cxd3+ Rxd3 50. Rb2 h5 51. b4 Ke3 52. Kf1 Rd1+ 53. Kg2 Rd2+ 54. Rxd2 Kxd2 55. Kf3 g4+ 56. hxg4 hxg4+ 57. Kxg4 Kc3 58. b5 Kb4 59. b6 a5 60. Kf5 Kxa4 61. Ke4 Kb5 62. Kd3 Kxb6 63. Kc4 Kc6 64. Kc3 b5 65. Kb3 Kc5 66. Kc3 a4 67. Kb2 b4 68. Kc2 Kc4 69. Kb2 a3+ 70. Ka2 Kc3 71. Kb1 b3 72. Ka1 b2+ 73. Ka2 Kc2 74. Kxa3 b1Q 0-1

[Event "SN-2018-0-00950"]
[Site "LSS email"]
[Date "2018.11.20"]
[Round "?"]
[White "Tolnai, Rudolf"]
[Black "Arango Marin, Sixto Gregorio"]
[Result "1-0"]
[WhiteElo "876"]
[BlackElo "779"]
[PlyCount "97"]
[EventDate "2018.10.21"]
[EventType "tourn (corr)"]
[EventRounds "6"]
[EventCountry "GER"]
[SourceTitle "Corr 2022"]
[Source "ChessBase"]
[SourceDate "2021.10.24"]
[SourceVersion "1"]
[SourceVersionDate "2021.10.24"]
[SourceQuality "1"]

1. e4 e5 2. Bc4 Nf6 3. d3 Bc5 4. Nf3 d6 5. h3 Nc6 6. Bg5 h6 7. Bh4 0-0 8. 0-0 g5 9. Bg3 Kg7 10. c3 Be6 11. Bxe6 fxe6 12. Nbd2 a6 13. Qb3 Qc8 14. Nh2 Nh5 15. Kh1 b5 16. Ndf3 Nxg3+ 17. fxg3 Qd7 18. a4 Na5 19. Qc2 b4 20. cxb4 Bxb4 21. b3 c5 22. h4 Nc6 23. hxg5 hxg5 24. Nxg5 Nd4 25. Qc4 Rxf1+ 26. Rxf1 a5 27. Rf7+ Qxf7 28. Nxf7 Kxf7 29. Nf3 Rh8+ 30. Kg1 Ne2+ 31. Kf2 Nc3 32. Ng5+ Kf6 33. Nxe6 Re8 34. Nc7 Re7 35. Nd5+ Nxd5 36. Qxd5 Rd7 37. Qc6 Ke7 38. g4 Rd8 39. Qd5 Rf8+ 40. Ke3 Rf6 41. Qg8 Rf7 42. Ke2 Rf8 43. Qh7+ Rf7 44. Qh4+ Ke6 45. g5 Ke7 46. g6+ Rf6 47. Qh7+ Kf8 48. g7+ Kf7 49. g8Q# 1-0

[Event "LSS No Engine Cup 180 Preliminary 0"]
[Site "LSS email"]
[Date "2018.07.08"]
[Round "?"]
[White "Arango Marin, Sixto Gregorio"]
[Black "Etchepareborda, Juan"]
[Result "1-0"]
[WhiteElo "1079"]
[BlackElo "1357"]
[PlyCount "105"]
[EventDate "2018.07.09"]
[EventType "tourn (corr)"]
[EventRounds "6"]
[EventCountry "GER"]
[SourceTitle "Corr 2022"]
[Source "ChessBase"]
[SourceDate "2021.10.24"]
[SourceVersion "1"]
[SourceVersionDate "2021.10.24"]
[SourceQuality "1"]

1. e4 e5 2. Nf3 d6 3. Bc4 Be7 4. h3 Nf6 5. d3 0-0 6. Nc3 Nc6 7. a3 Na5 8. Ba2 b6 9. Bd2 Nb7 10. Nd5 c6 11. Nxe7+ Qxe7 12. Bg5 Be6 13. Bxe6 Qxe6 14. b4 d5 15. 0-0 dxe4 16. Bxf6 Qxf6 17. dxe4 Rad8 18. Qe2 Nd6 19. Rad1 Nb5 20. Rxd8 Rxd8 21. c4 Nxa3 22. Ra1 Qf4 23. Rxa3 Qc1+ 24. Kh2 Qxa3 25. Nxe5 Rd6 26. Qh5 Rf6 27. b5 cxb5 28. cxb5 Qd6 29. Qg5 Rxf2 30. Qg3 Rf6 31. Nf3 Qxg3+ 32. Kxg3 g5 33. e5 Re6 34. Kg4 h6 35. Kf5 Re8 36. h4 gxh4 37. Nxh4 Rc8 38. g4 Rc5 39. Kf6 Rxb5 40. Nf5 a5 41. Nxh6+ Kf8 42. Nxf7 a4 43. Nd6 Rb1 44. Nc4 b5 45. Nd6 b4 46. e6 Re1 47. g5 Rf1+ 48. Nf5 Re1 49. g6 a3 50. g7+ Kg8 51. Nh6+ Kh7 52. g8Q+ Kxh6 53. Qg6# 1-0

[Event "LSS No Engine Cup 179 Preliminary 0"]
[Site "LSS email"]
[Date "2018.05.28"]
[Round "?"]
[White "Arango Marin, Sixto Gregorio"]
[Black "Wilshusen, Horst"]
[Result "0-1"]
[WhiteElo "1070"]
[BlackElo "1574"]
[PlyCount "56"]
[EventDate "2018.05.29"]
[EventType "tourn (corr)"]
[EventRounds "6"]
[EventCountry "GER"]
[SourceTitle "Corr 2022"]
[Source "ChessBase"]
[SourceDate "2021.10.24"]
[SourceVersion "1"]
[SourceVersionDate "2021.10.24"]
[SourceQuality "1"]

1. e4 e5 2. Bc4 Nf6 3. d3 c6 4. Bg5 Be7 5. h3 d5 6. exd5 cxd5 7. Bb5+ Bd7 8. Bxd7+ Qxd7 9. Nf3 Nc6 10. a3 h6 11. Bd2 e4 12. dxe4 dxe4 13. Nh2 Rd8 14. Nc3 0-0 15. Be3 Qc7 16. Qe2 Ne5 17. 0-0 a6 18. Rad1 Qc6 19. Ng4 Nexg4 20. hxg4 Rfe8 21. Rxd8 Bxd8 22. Rd1 Bc7 23. g5 hxg5 24. Bxg5 Bb8 25. Bxf6 Qxf6 26. f3 Ba7+ 27. Kf1 Qh4 28. Nxe4 Qh1# 0-1

[Event "RN-2018-0-01419"]
[Site "LSS email"]
[Date "2018.03.24"]
[Round "?"]
[White "Arango Marin, Sixto Gregorio"]
[Black "Lauer, Frederic"]
[Result "0-1"]
[WhiteElo "816"]
[BlackElo "1115"]
[PlyCount "94"]
[EventDate "2018.03.12"]
[EventType "tourn (corr)"]
[EventRounds "6"]
[EventCountry "GER"]
[SourceTitle "Corr 2022"]
[Source "ChessBase"]
[SourceDate "2021.10.24"]
[SourceVersion "1"]
[SourceVersionDate "2021.10.24"]
[SourceQuality "1"]

1. e4 c5 2. Bc4 e6 3. Nf3 Nc6 4. a3 a6 5. d3 Qc7 6. 0-0 b5 7. Ba2 Bb7 8. Re1 Be7 9. e5 d5 10. Bf4 h6 11. d4 c4 12. b3 0-0-0 13. Bg3 h5 14. h3 Nh6 15. bxc4 dxc4 16. Nc3 Bxa3 17. Ne2 Be7 18. c3 Nf5 19. Bb1 Nxg3 20. Nxg3 g5 21. Ne4 g4 22. hxg4 hxg4 23. Nh2 Nxe5 24. Nxg4 Nxg4 25. Qxg4 Qh2+ 26. Kf1 Rdg8 27. Qf3 Qh1+ 28. Ke2 Qxg2 29. Qxg2 Rxg2 30. Rf1 f5 31. Nc5 Bxc5 32. dxc5 Rh3 33. Kd2 Rf3 34. Bc2 Rfxf2+ 35. Rxf2 Rxf2+ 36. Kc1 Rf1+ 37. Kb2 Rxa1 38. Kxa1 f4 39. Bd1 f3 40. Kb2 f2 41. Be2 Bg2 42. Kc2 f1Q 43. Bxf1 Bxf1 44. Kd2 a5 45. Kc2 a4 46. Kb2 e5 47. Kc2 a3 0-1

[Event "RN-2018-0-01419"]
[Site "LSS email"]
[Date "2018.03.24"]
[Round "?"]
[White "Venturas, Bob"]
[Black "Arango Marin, Sixto Gregorio"]
[Result "1/2-1/2"]
[WhiteElo "763"]
[BlackElo "816"]
[PlyCount "62"]
[EventDate "2018.03.12"]
[EventType "tourn (corr)"]
[EventRounds "6"]
[EventCountry "GER"]
[SourceTitle "Corr 2022"]
[Source "ChessBase"]
[SourceDate "2021.10.24"]
[SourceVersion "1"]
[SourceVersionDate "2021.10.24"]
[SourceQuality "1"]

1. e4 e5 2. Nf3 Nc6 3. a3 Bc5 4. Nc3 d6 5. h3 a6 6. Bc4 Nf6 7. d3 Nd4 8. Be3 Nxf3+ 9. Qxf3 Bxe3 10. Qxe3 b5 11. Ba2 Bb7 12. f4 exf4 13. Qxf4 0-0 14. 0-0 h6 15. Nd5 Nxd5 16. Bxd5 Bxd5 17. exd5 f6 18. Rae1 Qd7 19. Re6 Rf7 20. Rfe1 Raf8 21. Qe3 c6 22. dxc6 Qxc6 23. c3 Qd7 24. d4 a5 25. d5 Rd8 26. Qd3 a4 27. c4 bxc4 28. Qxc4 Rc8 29. Qxc8+ Qxc8 30. Re8+ Rf8 31. Rxc8 Rxc8 1/2-1/2

[Event "LSS No Engine Cup 177 Preliminary 0"]
[Site "LSS email"]
[Date "2018.02.10"]
[Round "?"]
[White "Arango Marin, Sixto Gregorio"]
[Black "Strnad, Pavel"]
[Result "1-0"]
[WhiteElo "1065"]
[BlackElo "1022"]
[PlyCount "115"]
[EventDate "2018.02.11"]
[EventType "tourn (corr)"]
[EventRounds "6"]
[EventCountry "GER"]
[SourceTitle "Corr 2022"]
[Source "ChessBase"]
[SourceDate "2021.10.24"]
[SourceVersion "1"]
[SourceVersionDate "2021.10.24"]
[SourceQuality "1"]

1. e4 d6 2. Bc4 Nf6 3. d3 h6 4. h3 c6 5. Nf3 Nbd7 6. a4 a6 7. b4 b5 8. axb5 cxb5 9. Bb3 e6 10. 0-0 Be7 11. Bb2 0-0 12. Nbd2 Bb7 13. e5 dxe5 14. Nxe5 Bxb4 15. Ba3 Bxa3 16. Nxd7 Qxd7 17. Rxa3 Qc6 18. f3 Rfd8 19. Qe2 a5 20. Ne4 Nxe4 21. fxe4 Qc5+ 22. Kh1 b4 23. Raa1 Rf8 24. Qf2 Qxf2 25. Rxf2 Bc6 26. Rff1 Rfd8 27. Ba4 Bxa4 28. Rxa4 Rd7 29. Rd1 e5 30. Rda1 Rda7 31. g4 f6 32. Kg2 Kf7 33. Kf3 Ke6 34. h4 g5 35. Ke3 Kd6 36. d4 exd4+ 37. Kxd4 Ra6 38. hxg5 hxg5 39. c3 bxc3 40. Kxc3 Ke5 41. Kd3 Kf4 42. Kd4 Kxg4 43. Ke3 Kh5 44. Kf3 R8a7 45. Rh1+ Kg6 46. Kg4 Re6 47. Rh8 Rae7 48. Rg8+ Kf7 49. Rh8 Rxe4+ 50. Rxe4 Rxe4+ 51. Kf3 Rf4+ 52. Kg3 a4 53. Ra8 Rb4 54. Ra6 Rb3+ 55. Kg4 a3 56. Kf5 Rf3+ 57. Kg4 Kg6 58. Kxf3 1-0

[Event "LSS No Engine Cup 177 Preliminary 0"]
[Site "LSS email"]
[Date "2018.02.10"]
[Round "?"]
[White "Pech, Stepan"]
[Black "Arango Marin, Sixto Gregorio"]
[Result "0-1"]
[WhiteElo "1494"]
[BlackElo "1065"]
[PlyCount "58"]
[EventDate "2018.02.11"]
[EventType "tourn (corr)"]
[EventRounds "6"]
[EventCountry "GER"]
[SourceTitle "Corr 2022"]
[Source "ChessBase"]
[SourceDate "2021.10.24"]
[SourceVersion "1"]
[SourceVersionDate "2021.10.24"]
[SourceQuality "1"]

1. c4 c5 2. Nc3 Nc6 3. Nf3 e5 4. g3 d6 5. Bg2 a6 6. 0-0 Be6 7. b3 h6 8. Bb2 Be7 9. e3 Nf6 10. d4 cxd4 11. exd4 exd4 12. Nxd4 Nxd4 13. Qxd4 Rb8 14. Rae1 0-0 15. Nd5 Bxd5 16. Bxd5 Qd7 17. Bf3 Rfe8 18. a4 Bf8 19. Qd3 Rxe1 20. Rxe1 Qc7 21. Bxf6 gxf6 22. Qf5 Bg7 23. a5 Qc5 24. Bd5 Qc8 25. Qxc8+ Rxc8 26. Re7 Rb8 27. Rxf7 Kh8 28. Bxb7 Kg8 29. Rd7 h5 0-1

[Event "LSS No Engine Cup 177 Preliminary 0"]
[Site "LSS email"]
[Date "2018.02.10"]
[Round "?"]
[White "Sandocal, Uzmir"]
[Black "Arango Marin, Sixto Gregorio"]
[Result "1-0"]
[WhiteElo "1959"]
[BlackElo "1065"]
[PlyCount "43"]
[EventDate "2018.02.11"]
[EventType "tourn (corr)"]
[EventRounds "6"]
[EventCountry "GER"]
[SourceTitle "Corr 2022"]
[Source "ChessBase"]
[SourceDate "2021.10.24"]
[SourceVersion "1"]
[SourceVersionDate "2021.10.24"]
[SourceQuality "1"]

1. b3 e5 2. e3 d5 3. Bb2 Nf6 4. Bxe5 Bd6 5. Bxd6 Qxd6 6. Nf3 Bg4 7. Be2 Ne4 8. 0-0 Nc6 9. d3 Nf6 10. d4 a6 11. c4 0-0 12. Nc3 Bh5 13. cxd5 Nxd5 14. Nxd5 Qxd5 15. Rc1 Ne7 16. Rc5 Qd6 17. Rxh5 g6 18. Rh3 Kg7 19. Qc1 c6 20. e4 Rac8 21. Qh6+ Kf6 22. e5+ 1-0

[Event "LSS No Engine Cup 175 Preliminary 0"]
[Site "LSS email"]
[Date "2017.12.10"]
[Round "?"]
[White "Arango Marin, Sixto Gregorio"]
[Black "Hardyn, Jaroslav"]
[Result "0-1"]
[WhiteElo "1068"]
[BlackElo "1901"]
[PlyCount "88"]
[EventDate "2017.12.11"]
[EventType "tourn (corr)"]
[EventRounds "6"]
[EventCountry "GER"]
[SourceTitle "Corr 2022"]
[Source "ChessBase"]
[SourceDate "2021.10.24"]
[SourceVersion "1"]
[SourceVersionDate "2021.10.24"]
[SourceQuality "1"]

1. e4 e5 2. Nf3 Nc6 3. Bb5 d6 4. h3 Nf6 5. d3 Be7 6. Nc3 0-0 7. Bxc6 bxc6 8. Bd2 Rb8 9. b3 c5 10. a4 Re8 11. 0-0 c6 12. Nh2 Be6 13. f4 exf4 14. Rxf4 d5 15. e5 Nd7 16. Qe2 Qc7 17. Raf1 Nxe5 18. Qh5 Ng6 19. R4f2 f6 20. Bf4 Nxf4 21. Qf3 Bd6 22. Ne2 Nxe2+ 23. Rxe2 Bxh2+ 24. Kh1 Be5 25. Rfe1 d4 26. Kg1 a5 27. Kh1 Bf7 28. Kg1 Bd6 29. Kf1 Bg3 30. Rxe8+ Rxe8 31. Rxe8+ Bxe8 32. Qe4 Be5 33. g4 Bg6 34. Qf3 Qd6 35. h4 Qd5 36. Qe2 Qh1+ 37. Kf2 Qxh4+ 38. Kf1 h5 39. Qf3 hxg4 40. Qg2 g3 41. Kg1 Qh2+ 42. Qxh2 gxh2+ 43. Kg2 Bh5 44. Kh1 Bf3# 0-1

[Event "RN-2017-0-01348"]
[Site "LSS email"]
[Date "2017.10.03"]
[Round "?"]
[White "Arango Marin, Sixto Gregorio"]
[Black "Hughes, Peter James"]
[Result "1-0"]
[WhiteElo "780"]
[BlackElo "563"]
[PlyCount "105"]
[EventDate "2017.09.21"]
[EventType "tourn (corr)"]
[EventRounds "6"]
[EventCountry "GER"]
[SourceTitle "Corr 2022"]
[Source "ChessBase"]
[SourceDate "2021.10.24"]
[SourceVersion "1"]
[SourceVersionDate "2021.10.24"]
[SourceQuality "1"]

1. d4 Nf6 2. Nc3 g6 3. e4 Bg7 4. Nf3 e6 5. e5 Nd5 6. Nxd5 exd5 7. Bf4 0-0 8. c3 Nc6 9. Bb5 Ne7 10. h3 Nf5 11. Bd3 d6 12. 0-0 dxe5 13. Bxe5 Bxe5 14. dxe5 Be6 15. Bxf5 Bxf5 16. Re1 Be4 17. Nd4 c5 18. Nf3 f5 19. Nh2 Qg5 20. f3 f4 21. Ng4 Bf5 22. Qxd5+ Kg7 23. Qxb7+ Kh8 24. Qc6 Rac8 25. Qd6 h5 26. Nf2 Rfd8 27. Qf6+ Qxf6 28. exf6 Kg8 29. Rad1 Rxd1 30. Rxd1 Kf7 31. Rd6 Re8 32. Ra6 g5 33. Kf1 Be6 34. Ne4 Bc4+ 35. Kf2 Bxa6 36. Nd6+ Kxf6 37. Nxe8+ Ke7 38. Ng7 h4 39. Nf5+ Kf6 40. Nh6 Bc8 41. Ng4+ Bxg4 42. hxg4 a6 43. Ke2 Ke5 44. Kd3 Kd5 45. b3 c4+ 46. bxc4+ Kc5 47. a4 a5 48. Ke4 Kxc4 49. Kf5 Kxc3 50. Kxg5 Kb4 51. Kxf4 Kxa4 52. g5 Kb4 53. g6 1-0

[Event "OP-2017-0-04445"]
[Site "LSS email"]
[Date "2017.10.02"]
[Round "?"]
[White "Misericordia, Antonio"]
[Black "Arango Marin, Sixto Gregorio"]
[Result "1-0"]
[WhiteElo "2344"]
[BlackElo "780"]
[PlyCount "47"]
[EventDate "2017.09.25"]
[EventType "tourn (corr)"]
[EventRounds "4"]
[EventCountry "GER"]
[SourceTitle "Corr 2022"]
[Source "ChessBase"]
[SourceDate "2021.10.24"]
[SourceVersion "1"]
[SourceVersionDate "2021.10.24"]
[SourceQuality "1"]

1. g3 d5 2. Nf3 Nc6 3. d4 Bf5 4. Bg2 e6 5. 0-0 h6 6. c4 Nf6 7. Nc3 Ne4 8. cxd5 Nxc3 9. bxc3 Qxd5 10. Ne5 Qd6 11. Nxc6 bxc6 12. e4 Bh7 13. e5 Qd7 14. Qa4 Qc8 15. Bxc6+ Kd8 16. d5 Bc5 17. Qh4+ Be7 18. Qd4 Bf8 19. dxe6+ Ke7 20. Ba3+ Kxe6 21. Qd5+ Kf5 22. Qxf7+ Kg5 23. Bc1+ Kg4 24. f3+ 1-0

[Event "LSS No Engine Cup 172 Preliminary 0"]
[Site "LSS email"]
[Date "2017.08.19"]
[Round "?"]
[White "Arango Marin, Sixto Gregorio"]
[Black "Schoppe, Gottfried"]
[Result "0-1"]
[WhiteElo "1083"]
[BlackElo "1290"]
[PlyCount "108"]
[EventDate "2017.08.20"]
[EventType "tourn (corr)"]
[EventRounds "6"]
[EventCountry "GER"]
[SourceTitle "Corr 2022"]
[Source "ChessBase"]
[SourceDate "2021.10.24"]
[SourceVersion "1"]
[SourceVersionDate "2021.10.24"]
[SourceQuality "1"]

1. e4 c5 2. Bc4 d6 3. Qf3 Nf6 4. Nh3 Bxh3 5. gxh3 Nbd7 6. d3 Ne5 7. Qe2 Nxc4 8. dxc4 g6 9. Nc3 e6 10. Bg5 Be7 11. 0-0-0 Nd7 12. Bxe7 Qxe7 13. Nb5 Qg5+ 14. Kb1 0-0 15. Rxd6 Ne5 16. Rf1 Qg2 17. Rdd1 Qxh3 18. f4 Nc6 19. Rf3 Qh5 20. Rf2 Qxe2 21. Rxe2 Rfd8 22. Red2 a6 23. Nc3 Rd4 24. Rxd4 Nxd4 25. h4 b5 26. cxb5 axb5 27. a3 Kf8 28. Na2 Ne2 29. Rf1 Rd8 30. f5 exf5 31. exf5 gxf5 32. Nc3 Nxc3+ 33. bxc3 Rd5 34. Kb2 c4 35. Rf4 Ke7 36. h5 Kf6 37. Rf2 Re5 38. Kc1 Kg5 39. Rh2 Kh6 40. Kd2 f4 41. Rh3 Kg5 42. h6 Re6 43. Rh1 f3 44. Rf1 Re2+ 45. Kd1 Kf4 46. Rh1 Ke3 47. Rf1 f2 48. Rh1 Re1+ 49. Rxe1+ fxe1Q+ 50. Kxe1 f5 51. Kd1 f4 52. Ke1 f3 53. Kf1 f2 54. Kg2 Ke2 0-1

[Event "LSS No Engine Cup 172 Preliminary 0"]
[Site "LSS email"]
[Date "2017.08.19"]
[Round "?"]
[White "Vogel, Helmut"]
[Black "Arango Marin, Sixto Gregorio"]
[Result "1-0"]
[WhiteElo "1907"]
[BlackElo "1083"]
[PlyCount "47"]
[EventDate "2017.08.20"]
[EventType "tourn (corr)"]
[EventRounds "6"]
[EventCountry "GER"]
[SourceTitle "Corr 2022"]
[Source "ChessBase"]
[SourceDate "2021.10.24"]
[SourceVersion "1"]
[SourceVersionDate "2021.10.24"]
[SourceQuality "1"]

1. e4 e5 2. Nf3 Nc6 3. Bb5 d6 4. Bxc6+ bxc6 5. d4 Bg4 6. c3 Nf6 7. h3 Bh5 8. Qa4 Bxf3 9. Qxc6+ Ke7 10. gxf3 exd4 11. cxd4 Rc8 12. Nc3 Qd7 13. Qa6 c6 14. Be3 g6 15. 0-0 Bg7 16. e5 dxe5 17. dxe5 Nd5 18. Bc5+ Ke6 19. Rfd1 Bxe5 20. Nxd5 Qe8 21. f4 Kf5 22. fxe5 cxd5 23. Qf6+ Ke4 24. Rd4# 1-0

[Event "SN-2017-0-00854"]
[Site "LSS email"]
[Date "2017.06.02"]
[Round "?"]
[White "Arango Marin, Sixto Gregorio"]
[Black "Kuttner, Jaromir"]
[Result "1-0"]
[WhiteElo "748"]
[BlackElo "854"]
[PlyCount "71"]
[EventDate "2017.05.11"]
[EventType "tourn (corr)"]
[EventRounds "6"]
[EventCountry "GER"]
[SourceTitle "Corr 2022"]
[Source "ChessBase"]
[SourceDate "2021.10.24"]
[SourceVersion "1"]
[SourceVersionDate "2021.10.24"]
[SourceQuality "1"]

1. e4 e5 2. Bc4 Nf6 3. d3 d5 4. exd5 Nxd5 5. Nf3 Nc6 6. 0-0 Be7 7. Re1 Bf6 8. h3 0-0 9. Bxd5 Qxd5 10. Nc3 Qd7 11. a3 Re8 12. Ne4 Bd8 13. b4 Nd4 14. Nc5 Nxf3+ 15. Qxf3 Qf5 16. Qxf5 Bxf5 17. Bb2 b6 18. Ne4 h6 19. Ng3 Bg6 20. Rxe5 Bf6 21. Rxe8+ Rxe8 22. Bxf6 gxf6 23. Kf1 f5 24. f4 h5 25. Re1 Rc8 26. c4 Kg7 27. h4 Kh6 28. Kf2 f6 29. Re6 Kg7 30. d4 Kf7 31. d5 Re8 32. Rxe8 Kxe8 33. Ne2 Kd7 34. Nd4 a6 35. g3 Kd6 36. Ke3 1-0

[Event "OP-2017-0-04357"]
[Site "LSS email"]
[Date "2017.05.31"]
[Round "?"]
[White "Arango Marin, Sixto Gregorio"]
[Black "Misericordia, Antonio"]
[Result "0-1"]
[WhiteElo "748"]
[BlackElo "2356"]
[PlyCount "40"]
[EventDate "2017.05.22"]
[EventType "tourn (corr)"]
[EventRounds "4"]
[EventCountry "GER"]
[SourceTitle "Corr 2022"]
[Source "ChessBase"]
[SourceDate "2021.10.24"]
[SourceVersion "1"]
[SourceVersionDate "2021.10.24"]
[SourceQuality "1"]

1. e4 c5 2. Bc4 e6 3. Nf3 Nf6 4. d3 d5 5. exd5 exd5 6. Bb5+ Nc6 7. Qe2+ Be7 8. Bxc6+ bxc6 9. h3 0-0 10. 0-0 Re8 11. Bd2 Bd6 12. Qd1 Be6 13. Bg5 h6 14. Bh4 Qc8 15. Bxf6 gxf6 16. d4 Bxh3 17. gxh3 Qxh3 18. Re1 Kh8 19. Nbd2 Rg8+ 20. Ng5 Rxg5+ 0-1

[Event "LSS No Engine Cup 169 Preliminary 0"]
[Site "LSS email"]
[Date "2017.05.07"]
[Round "?"]
[White "Arango Marin, Sixto Gregorio"]
[Black "Lonyuk, Bohdan"]
[Result "0-1"]
[WhiteElo "1099"]
[BlackElo "1453"]
[PlyCount "62"]
[EventDate "2017.05.08"]
[EventType "tourn (corr)"]
[EventRounds "6"]
[EventCountry "GER"]
[SourceTitle "Corr 2022"]
[Source "ChessBase"]
[SourceDate "2021.10.24"]
[SourceVersion "1"]
[SourceVersionDate "2021.10.24"]
[SourceQuality "1"]

1. e4 c5 2. Bc4 e6 3. d3 a6 4. a4 d5 5. exd5 exd5 6. Bb3 Nf6 7. Bg5 Be7 8. Nf3 0-0 9. 0-0 Nc6 10. c4 d4 11. Re1 h6 12. Bf4 Bf5 13. h3 Nb4 14. Re5 Bxd3 15. Nbd2 Bh7 16. Ne1 Bd6 17. a5 Bxe5 18. Bxe5 Re8 19. Ndf3 Nd7 20. Bg3 Nb8 21. Nd3 Nxd3 22. Qxd3 Bxd3 23. Ne5 Bh7 24. Ba4 Rxe5 25. Bxe5 Qxa5 26. Ra2 Qe1+ 27. Kh2 Qxe5+ 28. g3 Qe2 29. Kg2 Be4+ 30. Kg1 Qe1+ 31. Kh2 Qxf2# 0-1